000 02302cam a22004934i 4500
003 PE-LiUPU
005 20250731173128.0
008 150623s r 000 0 d
035 _a(Sirsi) a26192
040 _aPE-LiUPU
_bspa
_cPE-LiUPU
_erda
082 0 4 _a263.1
_bH44
_221
100 1 _aHeschel, Abraham Joshua,
_d1967-,
_eautor.
245 1 4 _aThe sabbath :
_bits meaning for modern man /
_cAbraham Hoshua Heschel.
264 1 _aNew York, NY :
_bFarrar, Straus and Giroux,
_c1988.
300 _a118 páginas :
_bilustraciones, gráficos ;
_c22 cm.
336 _atext
_2rdacontent
337 _aunmediated
_2rdamedia
338 _avolume
_2rdacarrier
504 _aIncluye bibliografía.
505 0 _aA palace in time. -Beyond civilization. --The splendor of space. -Only heaven and nothing else?. -"Thou art one". -The presence of a day. -Eternity utters a day. -Intuitions of eternity. -Holiness in time. -Thou shalt covet. -To sanctify time.
526 _aSEG42
526 _aSEG41
526 _aSEG40
526 _aSEG39
526 _aP94
526 _aP87
526 _aP86
526 _aP85
526 _aP77
526 _aP76
526 _aP35
650 0 4 _aSábado bíblico
_xSignificado.
942 _2ddc
_cBOOK
949 _a263.1 H44
_wDEWEY
_c1
_i51474
_lCCODEBUL1
_mBUL
_p6.00
_r0
_sY
_tBOOK
_u2015-06-24
_xTEOLOGIA
_PP35
_0COMPRA
_o.STAFF. Colección General
949 _a263.1 H44
_wDEWEY
_c2
_i54232
_lCCODEBUL1
_mBUL
_p00.00
_r0
_sY
_tBOOK
_u2015-06-24
_xBIBLIOTECA
_zUNKNOWN
_0COMPRA
_o.STAFF. Colección General
949 _a263.1 H44
_wDEWEY
_c3
_i40294
_lCCODEBUL1
_mBUL
_p00.00
_r0
_sY
_tBOOK
_u2015-06-24
_xBIBLIOTECA
_zUNKNOWN
_0COMPRA
_o.STAFF. Colección General
596 _a1
999 _a263.1 H44
_wDEWEY
_c33196
_i51474
_f2021-11-10
_g5
_lCCODEBUL1
_mBUL
_p6.00
_r0
_sY
_tBOOK
_u2015-6-24
_xTEOLOGIA
_PP35
_0COMPRA
_o.STAFF. Colección General
_d33196
999 _a263.1 H44
_wDEWEY
_c2
_i54232
_f2021-11-10
_g5
_lCCODEBUL1
_mBUL
_r0
_sY
_tBOOK
_u2015-6-24
_xTEOLOGIA
_zUNKNOWN
_0COMPRA
_o.STAFF. Colección General
999 _a263.1 H44
_wDEWEY
_c3
_i40294
_d2018-11-25
_f2021-11-10
_g5
_lCCODEBUL1
_mBUL
_q2
_r0
_sY
_tBOOK
_u2015-6-24
_xTEOLOGIA
_zUNKNOWN
_0COMPRA
_o.STAFF. Colección General
980 _81
_gALBERTO SANCHEZ Responsable de Automatización